| 000 | 00562nam a2200217 a 4500 | ||
|---|---|---|---|
| 001 | 22675 | ||
| 003 | CO-ViMGA | ||
| 008 | 141112s2004 ck r 000 u spa d | ||
| 020 | _a8434217805 | ||
| 040 |
_aCO-ViMGA _bspa _cCO-ViMGA |
||
| 082 | 0 | 4 | _a751.494 A718a |
| 100 | 1 |
_aAraujo, Jesús _932329 |
|
| 245 | 1 | 0 |
_aAerografo / _cJesùs Araujo |
| 250 | _a3 ed. | ||
| 260 |
_aEspaña : _bParramón, _c2004 |
||
| 300 | _a95 p. | ||
| 490 | _aManuales Parramón | ||
| 650 | 1 | 4 |
_aAEROGRAFIA - MANUALES _932330 |
| 650 | 1 | 4 |
_aPINTURA - TECNICA _932331 |
| 942 |
_2ddc _cBK |
||
| 999 |
_c30975 _d30975 |
||